000 01019nac a22002897a 4500
001 BR6001584
003 BR-BrBNA
005 20250213142849.0
008 230509b bl.|||m| |||| 00| 0 por d
040 _aBR-BrBNA
_bpor
_cBiblioteca Nacional de Agricultura
072 _aK20
090 _a3000 BR6001584
100 1 _aAlmeida, G. de
110 1 _aMinisterio da Agricultura, Rio de Janeiro, GB (Brasil). Servico Florestal;
110 1 _aServico de Informacao Agricola, Rio de Janeiro, GB (Brasil)
245 1 _aContribuicao a dendrometria das essencias florestais [Rio de Janeiro; Brasil]
260 3 _aRio de Janeiro, GB (Brasil):
_c1943.
300 _a258 p.
490 _aSIA (Brazil)
_vno. 85
500 _a25 illus.; 60 tables; 72 graphs; 18 ref.
650 _aAdministracao florestal
650 _aArvore florestal
650 _aDendrometria
650 _aRio de Janeiro
856 _uhttps://repositorio-dspace.agricultura.gov.br/bitstream/1/5938/1/1943%20SIA%20085.pdf
942 _2AGRIS
_n0
_cMS
999 _c261329
_d261329